Text book of food and nutrition / (Record no. 131736)

MARC details
000 -LEADER
fixed length control field 00669nam a22002297a 4500
005 - DATE AND TIME OF LATEST TRANSACTION
control field 20170124110138.0
010 ## - LIBRARY OF CONGRESS CONTROL NUMBER
LC control number 723543
020 ## - INTERNATIONAL STANDARD BOOK NUMBER
Terms of availability 00.00
035 ## - SYSTEM CONTROL NUMBER
System control number 723543
037 ## - SOURCE OF ACQUISITION
Source of stock number/acquisition Cen Lib/Ret
040 ## - CATALOGING SOURCE
Original cataloging agency DPL
Language of cataloging EN
082 ## - DEWEY DECIMAL CLASSIFICATION NUMBER
Classification number 641.1
Item number GHE
100 ## - MAIN ENTRY--PERSONAL NAME
Personal name Ghei, Amar Nath
9 (RLIN) 32619
245 ## - TITLE STATEMENT
Title Text book of food and nutrition /
Statement of responsibility, etc by Amar Nath Ghei [and] P. Ghei
260 ## - PUBLICATION, DISTRIBUTION, ETC. (IMPRINT)
Name of publisher, distributor, etc Sagar Publications
Place of publication, distribution, etc New Delhi
Date of publication, distribution, etc 1973
270 ## - ADDRESS
City New Delhi
Address Ved Mansion, 72 Janpath
Postal code 110001
300 ## - PHYSICAL DESCRIPTION
Extent 268p.
Dimensions 20cm(Hb)
650 ## - SUBJECT ADDED ENTRY--TOPICAL TERM
Topical term or geographic name as entry element Social medicine
9 (RLIN) 92380
650 ## - SUBJECT ADDED ENTRY--TOPICAL TERM
Topical term or geographic name as entry element Food and nutrition
9 (RLIN) 92381
700 ## - ADDED ENTRY--PERSONAL NAME
Personal name Ghei, P.
9 (RLIN) 32622
942 ## - ADDED ENTRY ELEMENTS (KOHA)
Source of classification or shelving scheme Dewey Decimal Classification
Koha item type English Books
Classification part 641.1
Call number suffix GHE
Holdings
Withdrawn status Lost status Damaged status Not for loan Home library Current library Date acquired Source of acquisition Cost, normal purchase price Total Checkouts Total Renewals Full call number Barcode Date last seen Date checked out Copy number Cost, replacement price Price effective from Koha item type
        Central Library Central Library 15/07/2015 Cen Lib/Ret 0.00 2 1 641.1 GHE 723543 19/06/2023 10/06/2023 1 0.00 15/07/2015 English Books

© Delhi Public Library
Hit Counter
free hit counter